000 00556cam a22002178i 4500
005 20250701134253.0
008 230328s2023 nyu b 001 0 eng
020 _a9781350190351
040 _beng
_cSDCL
084 _aR3xM89 R3
100 1 _aDahlstrom, Daniel O.
_9144572
245 1 4 _aHeidegger dictionary
250 _a2nd ed.
260 _aUK:
_bBloomsbury,
_c2023.
300 _axvii, 381p.
490 0 _aBloomsbury philosophy dictionaries
650 _aPhilosophy
650 _aDictionary
650 _aMetaphysics
942 _2CC
_cTEXL
999 _c1430021
_d1430021